00639nam a2200169 a 450000100100000000500170001000800410002704000250006808200130009310000290010624500730013526000650020830000210027350000470029495201110034199900170045200004137220201002034830.0131001s1967 xxu 000 0 spa d aDO-SdBNPbengcBNPHU axxxbxxx1 aAptheker, Herbert96802410aThe nature of democracy freedom and revolution. /cHerbert Aptheker. aNew York, Estados Unidos :bInternational Publishers,c1967. a128 p. ;c18 cm. athe library has the second reprint of 1969 001050718MOaGRbGRcCTd2013-10-01iLF1l0oxxx xxxp41372-10r2020-06-25w2020-06-25y1ZNo se presta c40862d40862